000 00851nam a2200289Ia 4500
999 _c5612
_d5612
001 12673
003 GBCCL
005 20241126110546.0
008 800306s1975 cau b 00010 eng u
020 _a0830703489
035 _aOCM06059014
040 _cIHT
_dm.c.
_dLBB
049 _aLBBK
050 _aBV4501.2
_b.O73 1975
082 _a248.83
_bORT
092 _a248.83
_bO77
100 1 0 _aOrtlund, Raymond C.
_99780
245 1 0 _aLord, make my life count /
_cRaymond C. Ortlund.
260 0 _aGlendale, Calif. :
_bRegal Books,
_cc1975.
300 _a140 p. ;
_c18 cm.
500 _a"Special youth edition of Lord, make my life a miracle"--T.p.
504 _aIncludes bibliographical references.
650 0 _aYouth
_xReligious life.
_9460
650 0 _aChristian life.
_9183
740 0 1 _aLord, make my life a miracle.
942 _2ddc
_cBK
_01